Kepelbagaian produk dalam pertanian (Record no. 134347)
[ view plain ]
| 000 -LEADER | |
|---|---|
| fixed length control field | 00889nam a2200277 i 4500 |
| 001 - CONTROL NUMBER | |
| control field | C2-0336605 |
| 003 - CONTROL NUMBER IDENTIFIER | |
| control field | PPAK |
| 005 - DATE AND TIME OF LATEST TRANSACTION | |
| control field | 20180728135509.0 |
| 008 - FIXED-LENGTH DATA ELEMENTS--GENERAL INFORMATION | |
| fixed length control field | 160628s2016 my a|||| ||||| | may d |
| 020 ## - INTERNATIONAL STANDARD BOOK NUMBER | |
| International Standard Book Number | 9789670929040 |
| 040 ## - CATALOGING SOURCE | |
| Original cataloging agency | PPAK |
| Language of cataloging | eng |
| Transcribing agency | PPAK |
| Description conventions | rda |
| 082 04 - DEWEY DECIMAL CLASSIFICATION NUMBER | |
| Classification number | 338.1 |
| Edition number | 23 |
| 090 00 - LOCALLY ASSIGNED LC-TYPE CALL NUMBER (OCLC); LOCAL CALL NUMBER (RLIN) | |
| Classification number (OCLC) (R) ; Classification number, CALL (RLIN) (NR) | 338.1 |
| Feature heading | KEP |
| Feature heading | K |
| 245 00 - TITLE STATEMENT | |
| Title | Kepelbagaian produk dalam pertanian |
| 264 #1 - PRODUCTION, PUBLICATION, DISTRIBUTION, MANUFACTURE, AND COPYRIGHT NOTICE | |
| Place of production, publication, distribution, manufacture | Kuala Lumpur : |
| Name of producer, publisher, distributor, manufacturer | Penerbit Sinar Cemerlang , |
| Date of production, publication, distribution, manufacture, or copyright notice | 2016 |
| 300 ## - PHYSICAL DESCRIPTION | |
| Extent | 48 pages : |
| Other physical details | colour photographs ; |
| Dimensions | 29 cm |
| 336 ## - CONTENT TYPE | |
| Source | rdacontent |
| Content type term | text |
| 337 ## - MEDIA TYPE | |
| Source | rdamedia |
| Media type term | unmediated |
| 338 ## - CARRIER TYPE | |
| Source | rdacarrier |
| Carrier type term | volume |
| 490 1# - SERIES STATEMENT | |
| Series statement | Pertanian suatu perniagaan global |
| 500 ## - GENERAL NOTE | |
| General note | Includes glossary ; Includes excercises |
| 650 10 - SUBJECT ADDED ENTRY--TOPICAL TERM | |
| Topical term or geographic name entry element | Agriculture - Economic aspects. ; Farm produce - Malaysia. |
| 700 0# - ADDED ENTRY--PERSONAL NAME | |
| Personal name | Nurul Ain Amirnur Rashid, |
| Relator term | compile |
| 830 #0 - SERIES ADDED ENTRY--UNIFORM TITLE | |
| Uniform title | Pertanian suatu perniagaan global |
| 942 ## - ADDED ENTRY ELEMENTS (KOHA) | |
| -- | dc |
| Koha item type | Book |
| Withdrawn | Not for loan | Current library | Shelving location | Date acquired | Full call number | Barcode | Date last seen | Koha item type | Total Checkouts | Date last checked out |
|---|---|---|---|---|---|---|---|---|---|---|
| Perpustakaan Alor Setar | Pinjaman Kanak-kanak | 13/07/2016 | K 338.1 KEP | A01480950 | 09/05/2018 | Book | ||||
| Perpustakaan Awam Sungai Petani | Pinjaman Kanak-kanak | 13/07/2016 | K 338.1 KEP | A01480951 | 20/01/2020 | Book | 1 | 04/01/2020 | ||
| Perpustakaan Jitra | Pinjaman Kanak-kanak | 25/09/2016 | K 338.1 KEP | A01478830 | 09/05/2018 | Book | ||||
| Perpustakaan Kulim | Pinjaman Kanak-kanak | 13/07/2016 | K 338.1 KEP | A01480952 | 09/05/2018 | Book | ||||
| PD06, Kg. Kepala Bukit, Pendang | Pinjaman Kanak-kanak | 25/09/2016 | K 338.1 KEP | A01478836 | 09/05/2018 | Book | ||||
| PD15, Kg. Naga, Kepala Batas | Pinjaman Kanak-kanak | 25/09/2016 | K 338.1 KEP | A01478833 | 09/05/2018 | Book | ||||
| PD23, Taman Mas Merah, Titi Gajah, Alor Setar | Pinjaman Kanak-kanak | 25/09/2016 | K 338.1 KEP | A01478832 | 09/05/2018 | Book | ||||
| PD36, Kg. Kuala Lanjut, Kota Star | Pinjaman Kanak-kanak | 25/09/2016 | K 338.1 KEP | A01478835 | 09/05/2018 | Book | ||||
| PD37, Kg. Belat, Pendang | Pinjaman Kanak-kanak | 25/09/2016 | K 338.1 KEP | A01478831 | 09/05/2018 | Book |